000 01434nkm a2200337 i 4500
001 3615
003 ES-MaACL
005 20250819075031.0
007 khrbo
008 051123s1985 sp --- g |001||spa d
100 0 _aAlfonso,
_d1902-1990
_919858
245 1 0 _aFestival de danza coreana [
_hFotografía] /
_cAlfonso (sello).
260 _a[S.l. :
_bs.n.],
_c1985.
300 _a12 fot. :
_bb. y n. ;
_c12 x 18 cm.
500 _aDatos basados en invitación.
511 0 _aIntervienen: Seung Sook-Hee, Begoña Fernández, Susana Lerma, Eva Pilar Angulo, Cristina Sierra, Elisa Sánchez, Beatriz Navarro.
518 _aActo organizado por el Ateneo de Madrid en colaboración con la Embajada de la República de Corea, celebrado en el salón de actos el sábado, 23 de marzo de 1985, a las 19:00 h.
600 1 4 _aSook-Hee, Seung.
_9107312
600 1 4 _aFernández, Begoña.
_949342
600 1 4 _aLerma, Susana.
_971776
600 1 4 _aAngulo, Eva Pilar.
_921777
600 1 4 _aSierra, Cristina.
_9106246
600 1 4 _aSánchez, Elisa.
_9102357
600 1 4 _aNavarro, Beatriz.
_985059
610 2 4 _aAteneo de Madrid-
_xActos culturales-
_y1985-
_vFotografías.
_91900
710 2 _aAteneo de Madrid.
_91875
710 1 _aCorea del Sur.
_bEmbajada. España
_93301
852 _aES-MaACL
_jFOT 179/1985
856 4 _uhttp://www.ateneodemadrid.net/biblioteca_digital/imagenes/1985/0179-1985.jpg
_zVer imagen
999 _c3615
_d3615